奇門遁甲 : 重回死胡同
| 資料類型: | 圖書 | 書目號: | 41944 |
Leader xxxxxxxxxx 001 __ PCLIS00041944 005 __ 20090309152509.0 008 __ chi 010 0_ |a978-986-185-210-2|b平裝|dNT$280 042 __ |anbic 042 __ |anbi9809ap01 100 __ |a20090309d2008 m y0chiy09 e 101 0_ |achi 102 __ |aTW 105 __ |ay z 000ay 200 1_ |a奇門遁甲|e重回死胡同|f周德東作 205 __ |a初版 210 __ |a臺北市|c高寶國際|d2008[民97] 215 0_ |a368面|c|d21公分 225 2_ |a戲非戲|v37 260 1_ |a2008 300 __ |a 517 1_ |a重回死胡同|zchi 681 __ |a857.7|b7725|v增訂八版 700 _1 |a周|b德東|4作 702 __ |a|b|4 801 _2 |aTW|bPTL|c20090309|gCCR |